Coma and impaired consciousness : (Record no. 157)

000 -LEADER
fixed length control field 01486cam a2200397 a 4500
001 - CONTROL NUMBER
control field 3565958
003 - CONTROL NUMBER IDENTIFIER
control field OSt
005 - DATE AND TIME OF LATEST TRANSACTION
control field 20210417102853.0
008 - FIXED-LENGTH DATA ELEMENTS--GENERAL INFORMATION
fixed length control field 980121s1998 nyua b 001 0 eng
010 ## - LIBRARY OF CONGRESS CONTROL NUMBER
LC control number 98122136
020 ## - INTERNATIONAL STANDARD BOOK NUMBER
International Standard Book Number 0070723710 (pbk.)
040 ## - CATALOGING SOURCE
Original cataloging agency eng
Transcribing agency DLC
Modifying agency eng
041 ## - LANGUAGE CODE
Language code of text/sound track or separate title eng
050 00 - LIBRARY OF CONGRESS CALL NUMBER
Classification number RB150.C6
Item number C58 1998
080 ## - UNIVERSAL DECIMAL CLASSIFICATION NUMBER
Universal Decimal Classification number 616.8
Item number Y-70
082 00 - DEWEY DECIMAL CLASSIFICATION NUMBER
Classification number 616.8/49
Edition number 21
100 ## - MAIN ENTRY--PERSONAL NAME
9 (RLIN) 332
Personal name Young, G. Bryan
245 00 - TITLE STATEMENT
Title Coma and impaired consciousness :
Remainder of title a clinical perspective /
Statement of responsibility, etc. editors, G. Bryan Young, Allan H. Ropper, Charles F. Bolton.
260 ## - PUBLICATION, DISTRIBUTION, ETC.
Place of publication, distribution, etc. New York :
Name of publisher, distributor, etc. McGraw-Hill, Health Professions Division,
Date of publication, distribution, etc. c1998.
300 ## - PHYSICAL DESCRIPTION
Extent xiii, 665 p. :
Other physical details ill. ;
Dimensions 24 cm.
504 ## - BIBLIOGRAPHY, ETC. NOTE
Bibliography, etc. note Includes bibliographical references and index.
650 #0 - SUBJECT ADDED ENTRY--TOPICAL TERM
Topical term or geographic name entry element Coma.
650 #0 - SUBJECT ADDED ENTRY--TOPICAL TERM
Topical term or geographic name entry element Neurology
9 (RLIN) 100
650 #0 - SUBJECT ADDED ENTRY--TOPICAL TERM
Topical term or geographic name entry element Loss of consciousness.
653 ## - INDEX TERM--UNCONTROLLED
Uncontrolled term ნევროლოგია
653 ## - INDEX TERM--UNCONTROLLED
Uncontrolled term ცნობიერება
653 ## - INDEX TERM--UNCONTROLLED
Uncontrolled term კომა
700 1# - ADDED ENTRY--PERSONAL NAME
Personal name Young, G. Bryan
Fuller form of name (Gordon Bryan)
700 1# - ADDED ENTRY--PERSONAL NAME
Personal name Ropper, Allan H.
700 1# - ADDED ENTRY--PERSONAL NAME
Personal name Bolton, Charles Francis,
Dates associated with a name 1932-
856 42 - ELECTRONIC LOCATION AND ACCESS
Materials specified Publisher description
Uniform Resource Identifier <a href="http://www.loc.gov/catdir/description/mh023/98122136.html">http://www.loc.gov/catdir/description/mh023/98122136.html</a>
856 42 - ELECTRONIC LOCATION AND ACCESS
Materials specified Contributor biographical information
Uniform Resource Identifier <a href="http://www.loc.gov/catdir/enhancements/fy0739/98122136-b.html">http://www.loc.gov/catdir/enhancements/fy0739/98122136-b.html</a>
906 ## - LOCAL DATA ELEMENT F, LDF (RLIN)
a 7
b cbc
c orignew
d 2
e ncip
f 19
g y-gencatlg
942 ## - ADDED ENTRY ELEMENTS (KOHA)
Source of classification or shelving scheme
Koha item type Books
Holdings
Withdrawn status Lost status Source of classification or shelving scheme Damaged status Not for loan Permanent location Current location Date acquired Inventory number Full call number Barcode Date last seen Price effective from Koha item type
          Ken Walker International University Ken Walker International University 11/11/2020 337 616.8 Y-70 337 11/11/2020 11/11/2020 Books

Powered by Koha